|
|
|
|
| LEADER |
02061nam a2200517 i 4500 |
| 001 |
001473249 |
| 003 |
CZ BrMZK |
| 005 |
20150826110450.0 |
| 006 |
m||||||||d|||||||| |
| 007 |
co cg |
| 008 |
150529s2014 xr a eq 000 0 cze |
| 020 |
|
|
|a 978-80-244-4318-8
|q (CDR)
|
| 040 |
|
|
|a BOA001
|b cze
|e rda
|
| 072 |
|
7 |
|a 73
|x Sochařství, keramika, porcelán, umělecké zpracování kovů
|2 Konspekt
|9 21
|
| 072 |
|
7 |
|a 37.016
|x Učební osnovy. Vyučovací předměty. Učebnice
|2 Konspekt
|9 22
|
| 080 |
|
|
|a 730
|2 MRF
|
| 080 |
|
|
|a 711.61
|2 MRF
|
| 080 |
|
|
|a 7.01
|2 MRF
|
| 080 |
|
|
|a 37.016.026
|2 MRF
|
| 080 |
|
|
|a (07)
|2 MRF
|
| 080 |
|
|
|a (0.034.44)
|2 MRF
|
| 100 |
1 |
|
|a Soušková, Sabina
|4 aut
|
| 245 |
1 |
0 |
|a Sochařství ve veřejném prostoru: K pojmům a otázkám /
|c Sabina Soušková
|
| 246 |
3 |
0 |
|a K pojmům a otázkám
|
| 250 |
|
|
|a 1. vydání
|
| 264 |
|
1 |
|a Olomouc :
|b Univerzita Palackého v Olomouci,
|c 2014
|
| 300 |
|
|
|a 1 CD-ROM (73 stran) :
|b ilustrace (převážně barevné) ;
|c 12 cm
|
| 336 |
|
|
|a text
|b txt
|2 rdacontent
|
| 337 |
|
|
|a počítač
|b c
|2 rdamedia
|
| 338 |
|
|
|a počítačový disk
|b cd
|2 rdacarrier
|
| 347 |
|
|
|a textový soubor
|b PDF
|2 rda
|
| 490 |
1 |
|
|a Studijní opora
|
| 500 |
|
|
|a Název z disku
|
| 500 |
|
|
|a Pod názvem: Univerzita Palackého v Olomouci, Pedagogická fakulta, katedra výtvarné výchovy
|
| 504 |
|
|
|a Obsahuje bibliografie a bibliografické odkazy
|
| 650 |
0 |
7 |
|a sochařství
|7 ph125738
|2 czenas
|
| 650 |
0 |
7 |
|a veřejná prostranství
|7 ph127074
|2 czenas
|
| 650 |
0 |
7 |
|a prostor (umění)
|7 ph115525
|2 czenas
|
| 650 |
0 |
7 |
|a předmětová didaktika
|7 ph162893
|2 czenas
|
| 655 |
|
7 |
|a učební texty
|7 fd133599
|2 czenas
|
| 655 |
|
7 |
|a CD-ROM
|7 fd133955
|2 czenas
|
| 710 |
2 |
|
|a Univerzita Palackého.
|b Pedagogická fakulta.
|b Katedra výtvarné výchovy
|7 mzk2004229543
|4 isb
|
| 810 |
2 |
|
|a Univerzita Palackého.
|t Studijní opory
|0 s
|
| 910 |
|
|
|a BOA001
|b CDR2-1347.596
|
| 990 |
|
|
|a BK
|
| 996 |
6 |
|
|b 2610634708
|c CDR2-1347.596
|l Stud. periodik/2.patro
|r Sklad / do 1 hodiny
|n 3
|p p.v.
|w 001508548
|u 000010
|a 1
|e BOA001
|j MZK50
|s P
|